1859 1817 1417 1163 1867 1593 1783 1646 1779 1162 1112 1016 1477 1635 1634 1670 1438 1974 1026 1709 1541 1905 1426 1464 1164 1058 1121 1690 1780 1867 1435 1907 1024 1729 1017 1944 1740 1883 1398 1370 1973 1839 1504 1694 1854 1697 1097 1162 1484 1172 1329 1060 1964 1235 1290 1925 1034 1357 1292 1822 1611 1434 1122 1831 1487 1107 1117 1886 1110 1444 1726 1663 1131 1298 1071 1569 1638 1391 1600 1366 1223 1904 1641 1423 1910 1151 1235 1395 1834 1790 1814 1587 1363 1212 1199 1050 1051 1764 1743 BCNSPRNW ULIB Ver.6.0+V

เปลี่ยนเป็นภาษาไทย

Change to English
 แสดงรายละเอียดบรรณานุกรม
  กลับหน้าหลัก

Brief Record : Get Marc (ISO 2709) : E-mail record : QR code < ปิดหน้าต่าง
LEADER : 00000nam 2200000uu 4500
001    13399127492
003     ULIB
008    200617s2562||||th 000 0 tha d
020    ู^a9786163883834
050  0 ^aนว^bว321ส
100    ^aวราภา
245    ^aสะพานสายรุ้ง
250    ^aพิมพ์ครั้งที่ 2
260    ^aกรุงเทพฯ :^bแสงดาว,^c2562
300    ^a456 หน้า;^b21 ซม.
650    ^aนวนิยาย
945    ^p370^l0^i28398
999    ^aกัณชพร จุลอักษร
รายการนี้ยังไม่มีแท็ก
คุณยังไม่ได้ล็อกอิน คุณสามารถมีกิจกรรมร่วมกับเว็บไซต์ได้ แต่ต้องล็อกอินก่อน ::
  ล็อกอิน

รายการสื่อสารสนเทศ

ลำดับที่ ประเภท เลขเรียก/บาร์โค้ด สถานที่ สถานะ
1. นวนิยาย
นวนิยาย
นว ว321ส ฉ.1 
  Barcode: 28398
ห้องสมุดวิทยาเขตนครสวรรค์
►หนังสือทั่วไป:l:General Books
บนชั้น

รายการใกล้เคียง
    ชื่อเรื่อง [สะพานสายรุ้ง]

    ผู้แต่ง [วราภา]

    หัวเรื่อง [นวนิยาย]

BibComment


ยังไม่เคยถูกคอมเมนท์

คอมเมนท์ทรัพยากรรายการนี้
  คอมเมนท์: สะพานสายรุ้ง


 Copyright 2026. Bcnsprnw @Library